Science Quiz

Random Science Quiz

Atlantic Hurricanes by letter Quiz Stats

 Plays Quiz not verified by Sporcle

Score 0/52 Timer 10:00
0 Plays Today
Hint Hurricane name % Correct
A-maleAllen...
96.4%
B-maleBob...
92.9%
K-femaleKatie...
89.3%
F-maleFrederic...
89.3%
B-femaleBarbara...
85.7%
C-femaleCarol...
85.7%
I-maleIvan...
85.7%
A-femaleAlice...
82.1%
I-femaleIone...
82.1%
D-maleDavid...
82.1%
H-maleHenri...
82.1%
D-femaleDolly...
78.6%
E-femaleEdna...
78.6%
F-femaleFlorence...
78.6%
C-maleCharley...
78.6%
L-femaleLois...
75%
Q-femalenever used
75%
U-femalenever used
75%
V-femalenone
75%
X-femalenever used
75%
Y-femalenever used
75%
Z-femalenever used
75%
J-maleJuan...
75%
U-malenever used
75%
X-malenever used
75%
Y-malenever used
75%
Hint Hurricane name % Correct
Z-malenever used
75%
Q-malenever used
75%
W-malenone
75%
J-femaleJanet...
71.4%
M-femaleMartha...
71.4%
R-femaleRoxanne...
71.4%
W-femaleWilma
71.4%
M-maleMarco...
71.4%
G-femaleGail...
67.9%
K-maleKarl...
67.9%
V-maleVince
67.9%
H-femaleHazel...
64.3%
O-femaleOpal...
60.7%
S-femaleShary...
60.7%
O-maleOmar...
60.7%
N-femaleNana...
57.1%
P-femalePaloma...
57.1%
G-maleGeorges...
57.1%
L-maleLuis...
57.1%
E-maleEarl...
53.6%
N-maleNoel...
46.4%
S-maleStan
46.4%
R-maleRichard...
35.7%
T-maleTomas
32.1%
T-femaleTanya
25%
P-malePhilippe
25%

You're not logged in!

Compare scores with friends on all Sporcle quizzes.
OR
Log In

Sporcle TV

Today on Sporcle TV


Watch our educational content, quiz creation guides, and fun videos on Sporcle TV.

Show Comments

Extras

Top Quizzes Today


Score Distribution

Your Account Isn't Verified!

In order to create a playlist on Sporcle, you need to verify the email address you used during registration. Go to your Sporcle Settings to finish the process.

Report this User

Report this user for behavior that violates our Community Guidelines.

Details: